000 00340nam a2200121Ia 4500
005 20251222141933.0
008 251222s9999||||xx |||||||||||||| ||spa||
082 _a339.585/F54
100 _aFischer, Stanley
245 0 _aDe la Estabilización a la Reactivación
264 _bCentro de Investigación Universidad del Pacífico
942 _cLIB
999 _c9094
_d9094